Normale Ansicht MARC-Ansicht ISBD

Vom frühen Studentenleben (Titelsatznr. 374344)

[ MARC ]
MARC-Details
000 -Satzkennung
Kontrollfeld mit fester Länge 00701nab a2200193 4500
001 - Kontrollnummer
Kontrollfeld 244442
003 - Kontrollnummer Identifier
Kontrollfeld OSt
005 - Datum und Zeit der letzten Transaktion
Kontrollfeld 20260318085657.0
007 - Feld mit fester Länge zur physischen Beschreibung - Allgemeine Information
Kontrollfeld mit fester Länge tu
008 - Feld mit fester Länge zur physischen Beschreibung - Allgemeine Angaben
Kontrollfeld mit fester Länge 260318s2020|||||||
040 ## - Katalogisierungsquelle
Original-Katalogisierungsstelle DE-2950
Übertragungsstelle DE-2950
245 00 - Titel
Titel Vom frühen Studentenleben
Zusatz zum Titel Stadtgeschichte. Vor 500 Jahren wurde Christoph Stummel in der Oderstadt geboren. Sein Bühnenstück "Studentes" begründete die Tradition der Studentenkomödie und machte ihn europaweit berühmt/
Verfasserangabe etc. Ralf-Rüdiger Targiel
264 ## - Produktion, Veröffentlichung, Distribution, Herstellung und Urheberrechtsvermerk
Datum der Herstellung, der Veröffentlichung, des Vertriebs oder des Urheberschutzvermerks 2026
653 ## - Indexierungsterm - Nicht normiert
Nicht-normierter Term Frankfurt
653 ## - Indexierungsterm - Nicht normiert
Nicht-normierter Term Stadtgeschichte
653 ## - Indexierungsterm - Nicht normiert
Nicht-normierter Term Christoph Stummel
773 0# - Übergeordnete Einheit
Verknüpfungsangaben 37. Jahrgang (2026) Nr. 59 vom 11.03.2026 , S. 16 mit Fotos
Titel Märkische Oderzeitung
942 ## - Zusätzliche Felder (Koha)
Klassifikation oder Aufstellungssystematik Andere/Generische Klassifikation
Koha-Medientyp Aufsätze
Exemplare
Ausgeschieden Verloren Klassifikation oder Aufstellungssystematik Beschädigt Nicht entleihbar Heimatbibliothek Aufenthaltsbibliothek Aufstellungsort Erwerbungsdatum Anzahl Ausleihen Signatur Letzte Aktivität Preis gültig von Koha-Medientyp
    Andere/Generische Klassifikation     Stadtarchiv Frankfurt (Oder) | Archivbibliothek Stadtarchiv Frankfurt (Oder) | Archivbibliothek Magazin 18/03/2026   Z2 18/03/2026 18/03/2026 Aufsätze